Marketing (9th edition) (Record no. 50407)

MARC details
000 -LEADER
fixed length control field 00752nam a2200193 a 4500
008 - FIXED-LENGTH DATA ELEMENTS--GENERAL INFORMATION
fixed length control field 210326s2009 ||||||||||||||||| || u
020 ## - INTERNATIONAL STANDARD BOOK NUMBER
International Standard Book Number 9780073404721
050 ## - LIBRARY OF CONGRESS CALL NUMBER
Classification number hf 5415 Ker
100 ## - MAIN ENTRY--PERSONAL NAME
Personal name Rudelius, William
245 10 - TITLE STATEMENT
Title Marketing (9th edition)
Statement of responsibility, etc. by Roger A. Kerin; Steven W. Hartely; William Rudelius
250 ## - EDITION STATEMENT
Edition statement 9th edition
260 ## - PUBLICATION, DISTRIBUTION, ETC.
Place of publication, distribution, etc. Boston Burr Ridge, IL
Name of publisher, distributor, etc. McGraw-Hill/Irwin
Date of publication, distribution, etc. 2009
260 ## - PUBLICATION, DISTRIBUTION, ETC.
Place of publication, distribution, etc. Boston Burr Ridge, IL
Name of publisher, distributor, etc. McGraw-Hill
Date of publication, distribution, etc. 2009
300 ## - PHYSICAL DESCRIPTION
Extent xlvii, 742 pages : illustrations
650 #0 - SUBJECT ADDED ENTRY--TOPICAL TERM
Topical term or geographic name entry element MARKETING
700 ## - ADDED ENTRY--PERSONAL NAME
Personal name Hartley, Steven W
700 ## - ADDED ENTRY--PERSONAL NAME
Personal name Kerin, Roger A
995 ## - RECOMMENDATION 995 [LOCAL, UNIMARC FRANCE]
-- 25.00
-- CBU-MAIN LIBRARY (Kitwe)
-- 1
-- AVAILABLE
-- Mar 26, 2021
-- Main Library Open Access Collection
Holdings
Withdrawn status Lost status Source of classification or shelving scheme Damaged status Not for loan Home library Current library Shelving location Date acquired Total Checkouts Full call number Barcode Date last seen Price effective from Koha item type
          CBU-MAIN LIBRARY, KITWE. CBU-MAIN LIBRARY, KITWE.   11/30/2022   hf 5415 Ker 750861 11/30/2022 11/30/2022 MONOGRAPH